000 nam a22 7a 4500
999 _c7825
_d7825
008 171025b xxu||||| |||| 00| 0 eng d
020 _a9781439058725
100 _aCarlton Richard R
_94299
245 _aPrinciples of Radiographic Imaging
250 _a5th edition
260 _aUSA
_bDelmer Cengage Learning
_c2013